Fr. Conceicao Rodrigues College of Engineering

The science and pratice of welding (Record no. 32716)

MARC details
000 -LEADER
fixed length control field 00322nam a2200145Ia 4500
082 ## - DEWEY DECIMAL CLASSIFICATION NUMBER
Classification number 671.52
Item number DAV
100 ## - MAIN ENTRY--PERSONAL NAME
Personal name Davies /A.C
245 ## - TITLE STATEMENT
Title The science and pratice of welding
260 ## - PUBLICATION, DISTRIBUTION, ETC.
Name of publisher, distributor, etc. Cambridge unix press
Place of publication, distribution, etc. Cambridge
Date of publication, distribution, etc. 1989
300 ## - PHYSICAL DESCRIPTION
Extent 472
546 ## - LANGUAGE NOTE
Language note ENGLISH
654 ## - SUBJECT ADDED ENTRY--FACETED TOPICAL TERMS
Focus term welding
942 ## - ADDED ENTRY ELEMENTS (KOHA)
Koha item type BOOK
Holdings
Withdrawn status Lost status Damaged status Not for loan Collection Home library Current library Date acquired Source of acquisition Cost, normal purchase price Inventory number Total Checkouts Full call number Barcode Date last seen Cost, replacement price Price effective from Koha item type
        CRC Fr. Agnel's C.Rodrigues College of Engineering Fr. Agnel's C.Rodrigues College of Engineering 17/03/2023 Progressive Books 326.00 2026 dt 20.04.92   671.52 DAV 3586 17/03/2023 326.00 20/04/1992 BOOK